000
00339nam a2200133Ia 4500
008
231017s9999 xx 000 0 und d
082
_a
388.4068
082
_b
BAL
245
0
_a
Traffic Incident Management in Construction and Maintenance Work Zones
245
0
_c
Kevin Balke
260
_b
Kevin Balke
300
_c
30cm
942
_c
REP
999
_c
604143
_d
604143